| 000 | 01395cam a2200337 4500 | ||
|---|---|---|---|
| 002 | 7791 | ||
| 008 | 040910n2004 000 0 eng u | ||
| 020 | _a1405121483 | ||
| 035 | _a(Sirsi) u127316 | ||
| 041 | _aeng | ||
| 050 |
_a690.068 _c22 |
||
| 100 | _aCooke, Brian | ||
| 245 | _aConstruction planning programming and control | ||
| 250 | _a2nd ed. | ||
| 260 |
_aOxford _bBlackwell _c2004 |
||
| 300 |
_aviii, 443p. _c25cm. |
||
| 350 | _a26.99 | ||
| 520 | _aAimed primarily at students, this book clearly explains the construction planning and control procedures during the pre-tender, pre-contract and construction stages of a project. Contains chapters on: procurement and contracts; management and organisation; managing risk; programming techniques; pre-tender planning; contract budgets and cash flow; managing the supply chain; planning for construction; project control procedures; and planning case studies. References. | ||
| 650 | _aCONSTRUCTION PROCUREMENT | ||
| 650 |
_aCONSTRUCTION MANAGEMENT _96230 |
||
| 650 | _aCONSTRUCTION PROJECTS | ||
| 650 | _aSUPPLY CHAIN MANAGEMENT | ||
| 650 | _aRISK MANAGEMENT | ||
| 650 | _aCONSTRUCTION PLANNING | ||
| 650 | _aBUILT ENVIRONMENT-BUILDING CONTRACT FORMS | ||
| 650 | _aTENDERING | ||
| 650 | _aCONSTRUCTION PROGRAMMING | ||
| 690 | _aBUILDING AND CONSTRUCTION-MANAGEMENT | ||
| 700 | _aWilliams, Peter | ||
| 942 | _n0 | ||
| 999 |
_c103726 _d103726 |
||